• 首页
  • 本馆介绍
  • 公告通知
  • 最新文献
  • 馆藏检索
  • 电子资源
  • 读者导购
  • 参考咨询
  • 我的图书馆
  • 登录
  • 详细信息显示
  • 放入我的书架
  • 预约/预借图书
  • 作者相关作品
  • 分类相关作品
  • 丛书相关作品
  • 出版社相关作品

书目信息

  • 表格格式
  • 工作单格式
  • 卡片格式
题名:
高中物理常用的数学思想方法
    
 
作者: 林辉庆 著
分册:  
出版信息: 长春   东北师范大学出版社  2018
页数: 202页
开本: 24cm
丛书名:
单 册:
中图分类: G634.73
科图分类:
主题词: 中学物理课--zhong xue wu li ke--高中--教学参考资料
电子资源:
ISBN: 978-7-5681-4695-1
000 01053nam0 2200253 450
001 012001002337
005 20130123090430.0
010    @a978-7-5681-4695-1@dCNY45.00
099    @aCAL 012018192582
100    @a20180815d2018 em y0chiy50 ea
101 0  @achi
102    @aCN@b220000
105    @aak a 000yy
106    @ar
200 1  @a高中物理常用的数学思想方法@Agao zhong wu li chang yong de shu xue si xiang fang fa@f林辉庆著
210    @a长春@c东北师范大学出版社@d2018
215    @a202页@c图@d24cm
320    @a有书目 (第202页)
330    @a物理是一门高度理论化和严密数学化的学科。数学是物理的重要语言和推理工具。数学思想方法是物理思想方法的有机组成部分, 并且处于基础地位。本书介绍方程思想方法、函数思想方法、数形结合思想方法、概率统计思想方法等十一种高中物理常用的数学思想方法。读者可以借此提高物理学习和运用物理知识解决问题的能力。
606 0  @a中学物理课@Azhong xue wu li ke@x高中@j教学参考资料
690    @aG634.73@v5
701  0 @a林辉庆@Alin hui qing@4著
801  0 @aCN@b江苏凤凰@c20191020
905    @b1215646-9@dG634.73@e1390@f4
    
    高中物理常用的数学思想方法/林辉庆著.-长春:东北师范大学出版社,2018
    202页:图;24cm
    
    
    ISBN 978-7-5681-4695-1:CNY45.00
    物理是一门高度理论化和严密数学化的学科。数学是物理的重要语言和推理工具。数学思想方法是物理思想方法的有机组成部分, 并且处于基础地位。本书介绍方程思想方法、函数思想方法、数形结合思想方法、概率统计思想方法等十一种高中物理常用的数学思想方法。读者可以借此提高物理学习和运用物理知识解决问题的能力。
●
相关链接 在E读中查询图书 在五车中查询图书 在当当中查询图书 在豆瓣中查询图书


正题名:高中物理常用的数学思想方法     索取号:G634.73/1390         预约/预借

序号 登录号 条形码 馆藏地/架位号 状态 备注
1 1215646   212156469   第一样本阅览室/ [索取号:G634.73/1390] 在馆    
2 1215647   212156478   教育系资料室/ [索取号:G634.73/1390] 在馆    
3 1215648   212156487   教育系资料室/ [索取号:G634.73/1390] 在馆    
4 1215649   212156496   第四借阅区/ [索取号:G634.73/1390] 在馆    
唐山师范学院图书馆 欢迎您!
大连网信软件有限公司© 版权所有